Statistics for Countries With No A In Their Name Or Red In Their Flag

Click here to take the quiz!

General Stats

  • This quiz has been taken 15 times
    (6 since last reset)
  • The average score is 3 of 7

Answer Stats

Answer% Correct
Greece
67%
Niger
67%
Lesotho
50%
Sweden
50%
Cyprus
33%
Turkey
17%
Cote D Ivoire
0%

Score Distribution

Percentile by Number Answered

Percent of People with Each Score

Your Score History

You have not taken this quiz since the last reset